Loading...

Business statistics

Bibliographic Details
Main Author: Verma, A.P
Format: Printed Book
Published: New Delhi Asian Books 2007
Edition:3rd.
Subjects:
LEADER 00449nam a22001457a 4500
020 |a 9788184120264 
082 |a 519  |b VER 
100 |a Verma, A.P 
245 |a Business statistics 
250 |a 3rd. 
260 |a New Delhi  |b Asian Books  |c 2007 
650 |a Statistics 
942 |c BK 
999 |c 42088  |d 42088 
952 |0 0  |1 0  |4 0  |6 519_000000000000000_VER  |7 0  |8 Stack  |9 45704  |a KUCL  |b KUCL  |c Stack  |d 2016-10-06  |g 365.00  |l 1  |o 519 VER  |p 43448  |r 2019-11-19  |s 2019-10-19  |w 2016-10-06  |y BK